00281nam a2200109Ia 4500008004100000100002100041245001700062250000800079260003000087300000800117650004600125191201s2019 xx 000 0 und d aSATYANARAYANA, U 0aBiochemistry a5th bElsevieraNew Delhic2019 a777 aApplied Biochemistry & Clinical Chemistry